Catalog

Record Details

Catalog Search



Pp  Cover Image Book Book

Pp / Bela Davis.

Davis, Bela, (author.).

Summary:

"From peaches to pianos, this title has got P words covered! Each instance of "P" or "p" is bolded so that readers begin to recognize it in words and the sounds it makes. Complete with big colorful photographs, a More Pp Words page, bolded glossary terms, and a picture glossary."--Publisher's description.

Record details

  • ISBN: 9781680808926
  • ISBN: 1680808923
  • Physical Description: 24 pages : color illustrations ; 23 cm.
  • Publisher: Minneapolis, Minnesota : Abdo Kids, 2017.

Content descriptions

General Note:
Each page has a sentence with the specific letter highlighted, to show the letter's language usage.
Subject: English language > Alphabet > Juvenile literature.
Alphabet books > Juvenile literature.
Vocabulary > Juvenile literature.
English language > Alphabet.
Genre: Alphabet books.
Readers (Elementary)

Available copies

  • 1 of 1 copy available at scottsboropl.

Holds

  • 0 current holds with 1 total copy.
Show Only Available Copies
Location Call Number / Copy Notes Barcode Shelving Location Status Due Date
scottsboropl E NF 421 Alp 32269001166258 Juvenile - Easy NonFiction Available -

LDR 02455cam a2200589 i 4500
001155440
003SBPL
00520210401192822.0
008160606s2017 mnua j 000 0 eng
010 . ‡a 2016943896
020 . ‡a9781680808926 ‡q(hard cover)
020 . ‡a1680808923 ‡q(hard cover)
020 . ‡z9781680796025 ‡q(ebk.)
020 . ‡z9781680796698 ‡q(read-to-me ebk.)
035 . ‡a(OCoLC)970396114
042 . ‡apcc
05000. ‡aPE1155 ‡b.D3635 2017
08204. ‡a372.44 ‡223
1001 . ‡aDavis, Bela, ‡eauthor.
24510. ‡aPp / ‡cBela Davis.
264 1. ‡aMinneapolis, Minnesota : ‡bAbdo Kids, ‡c2017.
300 . ‡a24 pages : ‡bcolor illustrations ; ‡c23 cm.
336 . ‡atext ‡btxt ‡2rdacontent
337 . ‡aunmediated ‡bn ‡2rdamedia
338 . ‡avolume ‡bnc ‡2rdacarrier
4901 . ‡aThe alphabet
500 . ‡aEach page has a sentence with the specific letter highlighted, to show the letter's language usage.
520 . ‡a"From peaches to pianos, this title has got P words covered! Each instance of "P" or "p" is bolded so that readers begin to recognize it in words and the sounds it makes. Complete with big colorful photographs, a More Pp Words page, bolded glossary terms, and a picture glossary."--Publisher's description.
650 0. ‡aEnglish language ‡xAlphabet ‡vJuvenile literature.
650 0. ‡aAlphabet books ‡vJuvenile literature.
650 0. ‡aVocabulary ‡vJuvenile literature.
650 1. ‡aEnglish language ‡xAlphabet.
655 7. ‡aAlphabet books. ‡2lcgft
655 7. ‡aReaders (Elementary) ‡2lcgft
8001 . ‡aDavis, Bela. ‡tAlphabet.
901 . ‡a155440 ‡b ‡c155440 ‡tbiblio

Additional Resources